Walking together on the Jesus road : (Record no. 11094)

MARC details
000 -LEADER
fixed length control field 01752cam a2200325 i 4500
001 - CONTROL NUMBER
control field 20620512
003 - CONTROL NUMBER IDENTIFIER
control field GBCCL
005 - DATE AND TIME OF LATEST TRANSACTION
control field 20251204113512.0
008 - FIXED-LENGTH DATA ELEMENTS--GENERAL INFORMATION
fixed length control field 180807s2018 coua b 000 0 eng
020 ## - INTERNATIONAL STANDARD BOOK NUMBER
International Standard Book Number 9780878080694
Qualifying information pbk.
020 ## - INTERNATIONAL STANDARD BOOK NUMBER
Canceled/invalid ISBN 9780878080717 (epub)
035 ## - SYSTEM CONTROL NUMBER
System control number 20620512
040 ## - CATALOGING SOURCE
Original cataloging agency DLC
Language of cataloging eng
Transcribing agency DLC
Description conventions rda
Modifying agency DLC
082 00 - DEWEY DECIMAL CLASSIFICATION NUMBER
Classification number 266
Edition information 23
Item number HIB 1
100 1# - MAIN ENTRY--PERSONAL NAME
Personal name Hibbert, Evelyn,
Relator term author.
245 10 - TITLE STATEMENT
Title Walking together on the Jesus road :
Remainder of title discipling in intercultural contexts /
Statement of responsibility, etc. Evelyn and Richard Hibbert.
264 #1 - PRODUCTION, PUBLICATION, DISTRIBUTION, MANUFACTURE, AND COPYRIGHT NOTICE
Place of production, publication, distribution, manufacture Littleton :
Name of producer, publisher, distributor, manufacturer William Carey Library Publishing,
Date of production, publication, distribution, manufacture, or copyright notice [2018]
300 ## - PHYSICAL DESCRIPTION
Extent ix, 218 pages :
Other physical details illustrations ;
Dimensions 23 cm
336 ## - CONTENT TYPE
Content type term text
Content type code txt
Source rdacontent
337 ## - MEDIA TYPE
Media type term unmediated
Media type code n
Source rdamedia
338 ## - CARRIER TYPE
Carrier type term volume
Carrier type code nc
Source rdacarrier
504 ## - BIBLIOGRAPHY, ETC. NOTE
Bibliography, etc. note Includes bibliographical references (pages [213]-218).
505 0# - FORMATTED CONTENTS NOTE
Formatted contents note Walk alongside disciples -- Model what you want disciples to be -- Listen to disciples -- Learn disciples¿ culture -- Respect disciples as adults -- Take disciples' concerns seriously -- Engage with unseen powers -- Focus on relationships -- Lead disciples through the process of transformation -- Help disciples find identity through belonging -- Contextualize -- Contextualize the Gospel -- Contextualize community -- Contextualize what you teach -- Contextualize how you teach -- Prepare to leave -- Move on.
650 #0 - SUBJECT ADDED ENTRY--TOPICAL TERM
Topical term or geographic name entry element Discipling (Christianity)
650 #0 - SUBJECT ADDED ENTRY--TOPICAL TERM
Topical term or geographic name entry element Christianity and culture.
650 #0 - SUBJECT ADDED ENTRY--TOPICAL TERM
Topical term or geographic name entry element Intercultural communication
General subdivision Religious aspects
-- Christianity.
906 ## - LOCAL DATA ELEMENT F, LDF (RLIN)
a 7
b cbc
c orignew
d 1
e ecip
f 20
g y-gencatlg
942 ## - ADDED ENTRY ELEMENTS (KOHA)
Source of classification or shelving scheme Dewey Decimal Classification
Koha item type Books
Suppress in OPAC No
Holdings
Withdrawn status Lost status Source of classification or shelving scheme Damaged status Not for loan Home library Current Library Shelving location Date acquired Total checkouts Full call number Barcode Date last seen Date last checked out Copy number Price effective from Koha item type
    Dewey Decimal Classification     GRACE BIBLE COLLEGE GRACE BIBLE COLLEGE Ministry & Mission 2025-12-04 1 266 HIB 017398 2026-03-11 2026-03-10 c.1 2025-12-04 Books
© Grace Bible College Library 2025